[Event "1a. Categoria 2005"]
[Site "?"]
[Date "2005.??.??"]
[Round "?"]
[White "Torres E., Rodolfo"]
[Black "Pando T., Luis"]
[Result "1-0"]
[WhiteElo "1820"]
[BlackElo "1766"]
[PlyCount "97"]

1. e4 e5 2. Nf3 Nc6 3. Bb5 a6 4. Ba4 Nf6 5. O-O b5 6. Bb3 Be7 7. Re1 O-O 8. c3
d6 9. h3 Bb7 10. d4 Nd7 11. a4 Bf6 12. d5 Ne7 13. Ng5 Bxg5 (13... Nxd5 14. Qh5
Bxg5 15. Bxg5 f6 16. Be3 Kh8 17. exd5) 14. Bxg5 f6 15. Be3 f5 16. f3 f4 17. Bf2
Ng6 18. Na3 bxa4 19. Bxa4 Qe7 20. Rc1 20... Bc8 $6 21. Qc2 Qg5 22. Bc6 $1 22...
Nf6 23. Kh2 Nh4 24. Bxh4 Qxh4 25. Bxa8 Nh5 26. Kg1 Rf6 27. Kf1 Ng3+ 28. Kf2 Rg6
29. Rg1 Nxe4+ 30. Ke2 Qf2+ 31. Kd3 Qe3+ 32. Kc4 32... Nd2+ $1 33. Kb4 Qc5+ 34.
Ka4 Bd7+ 35. Bc6 Bxc6+ 36. dxc6 Qxc6+ 37. Ka5 Qb6+ 38. Ka4 Qc6+ 39. Ka5 39...
e4 $1 40. c4 $1 40... Rg5+ 41. Kb4 e3 42. Qa4 Qb6+ 43. Kc3 c6 44. b4 Qc7 45.
Qxa6 d5 46. Nc2 Qe5+ 47. Nd4 dxc4 48. Qc8+ Kf7 49. Qxc6 1-0

[Event "1a. Categoria 2005"]
[Site "?"]
[Date "2005.??.??"]
[Round "?"]
[White "Torres E., Rodolfo"]
[Black "Arevalo S., Felipe"]
[Result "1/2-1/2"]
[WhiteElo "1820"]
[BlackElo "1648"]
[PlyCount "60"]

1. e4 c5 2. Nf3 d6 3. d4 cxd4 4. Nxd4 Nf6 5. Nc3 a6 6. Bg5 e6 7. Qd2 Nc6 8.
O-O-O Be7 9. Nb3 h6 10. Bh4 10... O-O $2 11. Bxf6 Bxf6 12. Qxd6 Qxd6 13. Rxd6
Bxc3 14. bxc3 e5 15. Bc4 Be6 16. Bxe6 fxe6 17. f3 Rfe8 18. Nc5 Nd8 19. Rhd1 Rc8
20. Rd7 Rxc5 21. Rxd8 Rxd8 22. Rxd8+ Kh7 23. Rd7 Rxc3 24. Rxb7 Ra3 25. Kb2 Re3
26. Re7 $2 26... Re2 27. h4 Rxg2 28. Rxe6 Rh2 29. Rxe5 Rxh4 30. c4 Rf4 1/2-1/2

[Event "1a. Categoria 2005"]
[Site "?"]
[Date "2005.??.??"]
[Round "?"]
[White "Rosales V., Claudio"]
[Black "Pando T., Luis"]
[Result "1-0"]
[WhiteElo "1787"]
[BlackElo "1766"]
[PlyCount "67"]

1. e4 e5 2. f4 exf4 3. Nf3 Be7 4. d4 Nf6 5. Nc3 d6 6. Bxf4 Bg4 7. h3 Bh5 8. g4
Bg6 9. Bd3 a6 10. Qe2 Nc6 11. a3 Nd7 12. h4 h6 13. O-O-O Nb6 14. d5 Na7 15.
Rdg1 Qd7 16. h5 Bh7 17. g5 hxg5 18. Nxg5 Bxg5 19. Rxg5 f6 20. Rg3 O-O-O 21. Qg4
Qxg4 22. Rxg4 Rd7 23. Rhg1 Rg8 24. Be3 Re7 25. Bxb6 cxb6 26. e5 $1 26... Bxd3
27. exf6 Rf7 28. Rxg7 Rgxg7 29. fxg7 Bh7 30. g8=Q+ Bxg8 31. Rxg8+ Kd7 32. h6
Rf1+ 33. Kd2 Rh1 34. Rg7+ 1-0

[Event "1a. Categoria 2005"]
[Site "?"]
[Date "2005.??.??"]
[Round "?"]
[White "Rossi M., Luis"]
[Black "Castro J., Jose"]
[Result "1-0"]
[WhiteElo "1798"]
[BlackElo "1730"]
[PlyCount "143"]

1. e4 c5 2. Nf3 Nf6 3. e5 Nd5 4. c3 e6 5. g3 Be7 6. Bg2 O-O 7. Na3 d6 8. Nc4
dxe5 9. Ncxe5 f6 10. Nc4 e5 11. Qb3 Kh8 12. Ne3 Nc7 13. O-O Nc6 14. Qc2 f5 15.
d3 Be6 16. Bd2 Rc8 17. Ne1 f4 18. Nc4 Nd5 19. b3 b5 20. Nb2 b4 21. c4 Nd4 22.
Qd1 Nc3 23. Bxc3 bxc3 24. Na4 c2 25. Nxc2 Nxc2 26. Qxc2 f3 27. Bh1 Qd7 28. Nc3
Bh3 29. Rfe1 Rf5 30. Re3 Rcf8 31. Ne4 g5 32. Rae1 g4 33. Rd1 Rh5 34. Qb2 Qf5
35. Rde1 Bg2 36. Nxc5 Bd6 (36... Rxh2) 37. Ne4 Be7 38. Bxg2 fxg2 39. Kxg2 Rh3
40. Rh1 Kg8 41. Qe2 Rh5 42. Nc3 Bd6 43. Ne4 Be7 44. Qe1 Rh6 45. b4 Rg6 46. c5
Qh5 47. h4 Rg7 48. Nd2 Rgf7 49. Nc4 Rxf2+ 50. Qxf2 Rxf2+ 51. Kxf2 Qf7+ 52. Ke2
Qd5 53. Re4 Bf6 54. Rxg4+ Kf7 55. Re4 h5 56. Rf1 Ke6 57. Rf2 Bg7 58. Kd2 a5 59.
a3 axb4 60. axb4 Qb7 61. Kc3 Kd5 62. Rf5 Ke6 63. Rxh5 Kd5 64. Rh7 Qf7 65. Rg4
e4+ 66. Rhxg7 Qf6+ 67. Kb3 exd3 68. Rd7+ Kc6 69. Rd6+ Kb5 70. Rb6+ Qxb6 71.
cxb6 d2 72. Rd4 {abandona} 1-0

[Event "1a. Categoria 2005"]
[Site "?"]
[Date "2005.??.??"]
[Round "?"]
[White "Torres E., Rodolfo"]
[Black "Iocco B., Pablo"]
[Result "1/2-1/2"]
[WhiteElo "1820"]
[BlackElo "1796"]
[PlyCount "117"]

1. e4 c6 2. d4 d5 3. Nc3 dxe4 4. Nxe4 Nd7 5. Bd3 Ndf6 6. Nxf6+ Nxf6 7. c3 Bg4
8. Ne2 e6 9. O-O Bd6 10. Bg5 Bh5 11. Qc2 $2 11... Bxh2+ 12. Kh1 Bc7 13. f3 Bg6
14. Rae1 Qd5 15. Bf4 Qd7 16. Bxc7 Qxc7 17. g3 Nd5 18. Qd2 Bxd3 19. Qxd3 O-O-O
20. Kg2 h5 21. c4 Nf6 22. b4 h4 23. b5 hxg3 24. Nxg3 c5 25. Qa3 Kb8 26. Qxc5
Qxc5 27. dxc5 Rc8 28. c6 bxc6 29. bxc6 Rxc6 30. Rb1+ Kc7 31. Rb4 Rb6 32. Rxb6
axb6 33. Rc1 Ra8 34. Rc2 Kc6 35. Kf2 Kc5 36. Ke3 Ra3+ 37. Ke2 Kd4 38. Nf1 Nd7
39. Nd2 39... Ne5 $2 40. Nb3+ $1 40... Rxb3 41. axb3 Kc5 42. Ke3 $2 42... Kb4
43. Rg2 Ng6 44. Kd4 Kxb3 45. c5 bxc5+ 46. Kxc5 Kc3 47. Re2 Nh4 48. Kd6 Kd3 49.
Re4 Nxf3 50. Rf4 Ng5 51. Rg4 f6 52. Ke7 Ke3 53. Kf8 Kf3 54. Ra4 e5 55. Kxg7 Ne4
56. Kg6 Kf4 57. Kf7 f5 58. Kg6 Kg4 59. Rb4 1/2-1/2

[Event "1a. Categoria 2005"]
[Site "?"]
[Date "2005.??.??"]
[Round "?"]
[White "Rosales V., Claudio"]
[Black "Torres E., Rodolfo"]
[Result "0-1"]
[WhiteElo "1797"]
[BlackElo "1820"]
[PlyCount "142"]

1. d4 Nf6 2. Nc3 d5 3. Bg5 g6 4. Qd2 Ne4 5. Nxe4 dxe4 6. e3 Bg7 7. Qb4 a6 8. d5
h6 9. Bh4 g5 10. Bg3 Qxd5 11. Bxc7 Nc6 12. Qb6 O-O 13. c3 Ne5 14. Bxe5 14...
Bxe5 $6 15. Qxh6 Bg7 16. Qh5 16... Rd8 $2 17. Rd1 Qxd1+ 18. Qxd1 Rxd1+ 19. Kxd1
Be6 20. a3 Bb3+ 21. Kc1 Rd8 22. Be2 f5 23. Nh3 Bf6 24. f4 exf3 25. gxf3 Kf7 26.
Rg1 Rg8 27. Nf2 e6 28. Bd1 Bc4 29. b3 Bb5 30. a4 Bc6 31. Kc2 Be5 32. h3 Bh2 33.
Rg2 Bc7 34. e4 f4 35. Be2 Bd8 36. Ng4 Rh8 37. Ne5+ Kf6 38. Nxc6 bxc6 39. Bxa6
Rxh3 40. Be2 Ke5 41. a5 $2 41... Rg3 42. Rf2 Bxa5 43. b4 Bb6 44. Rf1 Rg2 45.
Kd3 Kd6 46. c4 c5 47. b5 e5 48. Ra1 Rh2 49. Ra8 Kd7 50. Rg8 Rh5 51. Rg6 Bc7 52.
Bd1 Rh1 53. Ba4 Ra1 54. Ra6 Ra3+ 55. Ke2 Kc8 56. Kf2 Kb7 57. Kg2 Ra2+ 58. Kh3
Bb6 59. Kg4 Rg2+ 60. Kf5 g4 61. fxg4 f3 62. Bb3 Rb2 63. Kxe5 f2 64. Ra1 Rxb3
65. Rf1 Bc7+ 66. Kf5 Bg3 67. g5 Rf3+ 68. Ke6 Re3 69. g6 Rxe4+ 70. Kd5 Re5+ 71.
Kd6 Rg5+ 0-1

[Event "1a. Categoria 2005"]
[Site "?"]
[Date "2005.??.??"]
[Round "?"]
[White "Ojeda M., Pablo"]
[Black "Iocco B., Pablo"]
[Result "1-0"]
[WhiteElo "1980"]
[BlackElo "1796"]
[PlyCount "75"]

1. e4 c6 2. c4 d6 3. d4 Nd7 4. Nf3 Ngf6 5. e5 dxe5 6. dxe5 Ng4 7. e6 Nde5 8.
exf7+ Nxf7 9. Qxd8+ Kxd8 10. h3 Nge5 11. Nxe5 Nxe5 12. Bf4 Ng6 13. Bg3 e5 14.
Nc3 Bb4 15. O-O-O+ Ke7 16. Bd3 Nf4 17. Bxf4 exf4 18. Rhe1+ Kf7 19. Re4 g5 20.
Re5 h6 21. h4 Kf6 22. Re2 Bxc3 23. hxg5+ hxg5 24. bxc3 Bd7 25. Be4 Be6 26. c5
Rad8 27. Rde1 Bd5 28. Bb1 Bf7 29. Re4 Rhe8 30. Rh1 Bd5 31. Rd4 Bxg2 32. Rh6+
Ke5 33. Rb4 Bf1 34. Rg6 Rg8 35. Rh6 Rh8 36. Bh7 36... Rd7 $2 37. Re4+ Kd5 38.
Rd4+ 1-0

[Event "1a. Categoria 2005"]
[Site "?"]
[Date "2005.??.??"]
[Round "?"]
[White "Torres E., Rodolfo"]
[Black "Ojeda M., Pablo"]
[Result "0-1"]
[WhiteElo "1820"]
[BlackElo "1980"]
[PlyCount "110"]

1. e4 c5 2. Nf3 Nc6 3. d4 cxd4 4. Nxd4 Nf6 5. Nc3 d6 6. Bg5 Qb6 7. Nb3 Ng4 8.
Qd2 h6 9. Bh4 Be6 10. Nd5 Bxd5 11. exd5 Nce5 12. f3 Nf6 13. Bf2 Qc7 14. Bb5+
Ned7 15. O-O a6 16. Bxd7+ Nxd7 17. Rac1 Ne5 18. Nd4 Rc8 19. b3 g6 20. c4 Bg7
21. Rfe1 Qd7 22. Ne2 Qf5 23. Bd4 O-O 24. Bxe5 Qxe5 25. Ng3 Qf6 26. Qe3 Qb2 27.
Qe2 Qd4+ 28. Kh1 Be5 29. Rcd1 Qh4 30. Nf1 b5 31. g3 Qh3 32. Rc1 bxc4 33. bxc4
Rc5 34. f4 Bf6 35. Nd2 Rc7 36. Ne4 Bd4 37. Red1 Bg7 38. c5 dxc5 39. Rxc5 Rb7
40. Rc2 Rfb8 41. Nf2 Qf5 42. Qd3 Qd7 43. Rdc1 Rb2 44. Qc4 Qa7 45. Rxb2 Bxb2 46.
Rc2 Bd4 47. Nd3 Rb1+ 48. Rc1 Rxc1+ 49. Nxc1 Qb6 50. Nb3 Bf2 51. Qe2 Be3 52. Kg2
a5 53. Kf3 Bc5 54. Nxc5 Qxc5 55. Qd2 $2 55... a4 0-1

[Event "1a. Categoria 2005"]
[Site "?"]
[Date "2005.??.??"]
[Round "?"]
[White "Rosales S., Allan"]
[Black "Zerega R., Manuel"]
[Result "1/2-1/2"]
[WhiteElo "1912"]
[BlackElo "1742"]
[PlyCount "93"]

1. e4 e6 2. d4 d5 3. exd5 exd5 4. Bd3 Nc6 5. Nf3 Be6 6. O-O Qd7 7. c3 Bd6 8.
Be3 h6 9. Re1 Nf6 10. Nbd2 a6 11. a4 Ng4 12. b4 Ne7 13. h3 Nf6 14. Ne5 Bxe5 15.
dxe5 Nh7 16. Nb3 b6 17. Nd4 Nf5 18. Qc2 Nxd4 19. cxd4 Nf8 20. Rac1 Ra7 21. f4
g6 22. Rf1 Bf5 23. Bxf5 gxf5 24. Qc6 Qxc6 25. Rxc6 Ne6 26. Rfc1 h5 27. Kf2 Rg8
28. Kf3 Kd7 29. R6c2 Rg6 30. Rg1 Ra8 31. g4 hxg4+ 32. hxg4 fxg4+ 33. Rxg4 Rxg4
34. Kxg4 Rg8+ 35. Kf3 c6 36. Rg2 Rxg2 37. Kxg2 Ng7 38. Kf3 Ke6 39. Kg4 b5 40.
axb5 axb5 41. Bf2 Nf5 42. Kf3 Nh6 43. Be3 Kf5 44. Bf2 Ng8 45. Bh4 Nh6 46. Bf2
Ng4 47. Bg3 1/2-1/2

[Event "1a. Categoria 2005"]
[Site "?"]
[Date "2005.??.??"]
[Round "?"]
[White "Zerega R., Manuel"]
[Black "Castro J., Jose"]
[Result "1/2-1/2"]
[WhiteElo "1742"]
[BlackElo "1728"]
[PlyCount "78"]

1. e4 c5 2. Bc4 Nc6 3. Nf3 e6 4. Nc3 g6 5. O-O Bg7 6. Ne2 Na5 7. d3 Ne7 8. Rb1
Nxc4 9. dxc4 Nc6 10. b3 O-O 11. Qd6 Qe7 12. Qxe7 Nxe7 13. Rd1 Nc6 14. Bb2 f6
15. h3 b6 16. Nc3 a6 17. Rd6 Rf7 18. Rbd1 Bf8 19. R6d3 d6 20. Re1 Bb7 21. Ne2
Rd8 22. Nf4 Bc8 23. Bc3 Bh6 24. Bd2 Bg7 25. Bc3 b5 26. Red1 Bf8 27. a3 bxc4 28.
bxc4 e5 29. Nd5 Nd4 30. Nxd4 cxd4 31. Ba5 Re8 32. f3 f5 33. Re1 fxe4 34. fxe4
Bh6 35. Bd2 Bxd2 36. Rxd2 Bb7 37. Rf1 Rxf1+ 38. Kxf1 Bxd5 39. cxd5 Rb8 1/2-1/2

[Event "1a. Categoria 2005"]
[Site "?"]
[Date "2005.??.??"]
[Round "?"]
[White "Ojeda M., Pablo"]
[Black "Rosales S., Allan"]
[Result "0-1"]
[WhiteElo "1980"]
[BlackElo "1912"]
[PlyCount "90"]

1. e4 c5 2. Nf3 d6 3. d3 Nc6 4. g3 g6 5. Bg2 Bg7 6. O-O e6 7. Nbd2 Nge7 8. c3
O-O 9. Re1 Bd7 10. Nf1 f5 11. Bg5 Qb6 12. Qd2 Rae8 13. Bh6 Rf6 14. Bxg7 Kxg7
15. e5 dxe5 16. Nxe5 Nxe5 17. Rxe5 Bc6 18. Ne3 Bxg2 19. Nxg2 Nc6 20. Re2 e5 21.
Rae1 Rd8 22. Qe3 Rfd6 23. Rd2 c4 24. Qxb6 axb6 25. f4 Rxd3 26. Rxd3 $2 26...
cxd3 27. fxe5 d2 28. Rd1 Nxe5 29. Nf4 Kf6 30. b3 g5 31. Ne2 Rd3 32. Nd4 Ng4 33.
Nc2 f4 34. gxf4 gxf4 35. Kf1 Rxc3 36. Rxd2 Rxc2 37. Rd6+ Ke5 38. Rxb6 Rxa2 39.
h3 Ne3+ 40. Kg1 Ke4 41. Rb4+ Kf3 42. Rxb7 Ra1+ 43. Kh2 Nf1+ 44. Kh1 Ng3+ 45.
Kh2 Rh1# 0-1

[Event "1a. Categoria 2005"]
[Site "?"]
[Date "2005.??.??"]
[Round "?"]
[White "Torres E., Rodolfo"]
[Black "Rossi M., Luis"]
[Result "0-1"]
[WhiteElo "1820"]
[BlackElo "1794"]
[PlyCount "102"]

1. e4 e5 2. Nf3 Nf6 3. Nxe5 d6 4. Nf3 Nxe4 5. Nc3 Nxc3 6. dxc3 Be7 7. Bf4 O-O
8. Qd2 Re8 9. O-O-O Bf8 10. Bd3 Nc6 11. Ng5 g6 12. h4 Ne5 13. h5 Nxd3+ 14. cxd3
h6 15. Nxf7 Kxf7 16. hxg6+ Kxg6 17. Bxh6 Be7 18. Be3 Rh8 19. Rhg1 Bd7 20. f4
Bg4 21. Rdf1 Rh5 22. Qf2 Bh4 23. g3 Bf6 24. Qg2 Qe7 25. Bd2 c6 26. Re1 Qf7 27.
Qe4+ Rf5 28. b3 d5 29. Qe3 a5 30. Qb6 $2 30... d4 31. Re5 Bxe5 32. fxe5 dxc3
33. Bf4 a4 34. Kc2 axb3+ 35. axb3 Rh5 36. Qd4 Rh2+ 37. Kxc3 c5 38. Qd6+ Be6 39.
Re1 b5 40. d4 b4+ 41. Kd3 c4+ 42. Ke3 Qf5 43. Rd1 Ra3 44. d5 Rxb3+ 45. Kd4 Rd3+
46. Rxd3 Qxd3+ 47. Kc5 Qxd5+ 48. Qxd5 Bxd5 49. Kxd5 b3 50. e6 b2 51. e7 Kf7 0-1

[Event "1a. Categoria 2005"]
[Site "?"]
[Date "2005.??.??"]
[Round "?"]
[White "Iocco B., Pablo"]
[Black "Pando T., Luis"]
[Result "1-0"]
[WhiteElo "1796"]
[BlackElo "1800"]
[PlyCount "109"]

1. e4 e5 2. Nf3 Nc6 3. d4 exd4 4. Nxd4 Bc5 5. Nxc6 Qf6 6. Qd2 dxc6 7. Bc4 Qg6
8. O-O Nf6 9. Bd3 Nd7 10. Qg5 Qxg5 11. Bxg5 O-O 12. Nc3 Ne5 13. Na4 Bd6 14. f4
Nd7 15. e5 15... Bc5+ $2 16. Nxc5 Nxc5 17. Be7 Nxd3 18. Bxf8 Kxf8 19. cxd3 Bf5
20. d4 Rd8 21. Rad1 Rd5 22. h3 h5 23. Rf3 Ra5 24. a3 Rd5 25. Rc3 Rb5 26. b4 Rd5
27. Rc5 Rd7 28. Kf2 Be4 29. g4 hxg4 30. hxg4 Bd5 31. Ke3 g6 32. Rdc1 a6 33. a4
b6 34. Rxc6 Bxc6 35. Rxc6 Ke7 36. a5 bxa5 37. bxa5 Rd5 38. Rxa6 Rb5 39. f5 gxf5
40. gxf5 Kd7 41. Ra8 Ke7 42. Ke4 Kd7 43. f6 Rb1 44. Rf8 Re1+ 45. Kd5 c6+ 46.
Kc5 Rc1+ 47. Kb6 Rb1+ 48. Ka7 Ke6 49. Re8+ Kf5 50. a6 Rb4 51. Rd8 Ke4 52. Rd6
Kf5 53. Rxc6 Rxd4 54. Kb7 Kxe5 55. a7 1-0

[Event "1a. Categoria 2005"]
[Site "?"]
[Date "2005.??.??"]
[Round "?"]
[White "Rosales V., Claudio"]
[Black "Ojeda M., Pablo"]
[Result "1-0"]
[WhiteElo "1797"]
[BlackElo "1980"]
[PlyCount "111"]

1. e4 c5 2. f4 e5 3. Qf3 Nc6 4. c3 Nf6 5. Bc4 d6 6. f5 Ne7 7. g4 d5 8. Bb5+ Bd7
9. Bxd7+ Qxd7 10. d3 dxe4 11. dxe4 O-O-O 12. Nd2 h6 13. Ne2 Qd3 14. O-O Qxf3
15. Rxf3 Nxg4 16. h3 Nf6 17. Ng3 h5 18. Nc4 h4 19. Nf1 Nc6 20. Bg5 Be7 21. Re1
21... Nd7 $2 22. Bxe7 Nxe7 23. Nd6+ Kc7 24. Nxf7 Nf6 25. Nxh8 Rxh8 26. Rd3 Rh5
27. Rd2 g6 28. fxg6 Nxg6 29. Rg2 Nf4 30. Rg7+ Kc6 31. Kh2 Ne8 32. Rg1 Nd6 33.
Nd2 Nd3 34. Ref1 Nxb2 35. Rf6 Rh7 36. Rgg6 Rd7 37. Nf3 Nbc4 38. Rh6 Kb5 39.
Rxh4 a5 40. Re6 Nf7 41. Rh7 Ncd6 42. Nxe5 Nxe5 43. Rxd7 Nxd7 44. Rxd6 Ne5 45.
Kg3 Kc4 46. Rb6 Kxc3 47. Rxb7 Kd4 48. Kf4 c4 49. Rc7 Nd3+ 50. Kf3 a4 51. Rd7+
Kc3 52. Ke3 a3 53. Rd4 Nb4 54. Rd2 Nc2+ 55. Ke2 Kb2 56. Kd1 1-0

[Event "1a. Categoria 2005"]
[Site "?"]
[Date "2005.??.??"]
[Round "?"]
[White "Rosales V., Claudio"]
[Black "Arevalo S., Felipe"]
[Result "0-1"]
[WhiteElo "1797"]
[BlackElo "1640"]
[PlyCount "68"]

1. c4 e6 2. Nc3 d5 3. d4 Nf6 4. cxd5 exd5 5. Bf4 Bd6 6. Be5 Nc6 7. f4 Bf5 8. e3
Nb4 9. Rc1 O-O 10. a3 Nc6 11. Bxf6 gxf6 12. Nxd5 Bxa3 13. Nxf6+ Qxf6 14. bxa3
Rfe8 15. Qd2 Re7 16. Bb5 Nxd4 17. Bc4 b5 18. Ba2 Rd8 19. Kf2 Nc6 20. Qe2 Red7
21. Nf3 Bg4 22. Qxb5 Bxf3 23. Kxf3 Ne7 24. Rc2 Qg6 25. Qg5 Qxg5 26. fxg5 Rd2
27. Rhc1 Nf5 28. h3 Nh4+ 29. Kg3 Nxg2 30. Kf3 Ne1+ 31. Rxe1 Rxc2 32. Re2 Rdd2
33. Bc4 Rxe2 34. Bxe2 Ra2 0-1

[Event "1a. Categoria 2005"]
[Site "?"]
[Date "2005.??.??"]
[Round "?"]
[White "Torres E., Rodolfo"]
[Black "Zerega R., Manuel"]
[Result "1-0"]
[WhiteElo "1820"]
[BlackElo "1742"]
[PlyCount "117"]

1. e4 e6 2. d4 d5 3. Nc3 Bb4 4. e5 c5 5. a3 Bxc3+ 6. bxc3 c4 7. Qg4 g6 8. Nh3
h6 9. Rb1 Nc6 10. Be2 Nge7 11. O-O Nf5 12. g3 b6 13. f4 Qe7 14. Nf2 Bb7 15. Qf3
O-O-O 16. Ng4 Ng7 17. Nf6 Ne8 18. Ng4 h5 19. Ne3 Ng7 20. Ra1 Nf5 21. a4 Nxe3
22. Qxe3 Qd7 23. Ba3 Ne7 24. Rfb1 Bc6 25. a5 b5 26. a6 Nf5 27. Qc1 Kc7 28. Bc5
Ra8 29. Kf2 Kd8 30. Qa3 Qc7 31. Bb4 Kd7 32. Ba5 Qc8 33. Bb4 Qc7 34. Rh1 Rag8
35. Bc5 Ra8 36. Rag1 Rh7 37. g4 hxg4 38. Bxg4 Rah8 39. h3 Kc8 40. Bxf5 gxf5 41.
Bd6 Qd7 42. Rg3 Qe8 43. Qc5 Qd7 44. Be7 Re8 45. Bf6 Qc7 46. h4 Qb6 47. Qxb6
axb6 48. Ra1 Kc7 49. Rgg1 Ra8 50. Be7 Kb8 51. Rg8+ Ka7 52. Rxa8+ Bxa8 53. Bf6
Bc6 54. Rg1 Kxa6 55. Rg7 Rxg7 56. Bxg7 f6 57. h5 Be8 58. h6 Bg6 59. exf6 1-0

[Event "1a. Categoria 2005"]
[Site "?"]
[Date "2005.??.??"]
[Round "?"]
[White "Rosales S., Allan"]
[Black "Rosales V., Claudio"]
[Result "1-0"]
[WhiteElo "1912"]
[BlackElo "1797"]
[PlyCount "97"]

1. e4 e5 2. Nf3 Nf6 3. Nxe5 Qe7 4. d4 Nc6 5. Nxc6 Qxe4+ 6. Qe2 dxc6 7. Qxe4+
Nxe4 8. Bd3 Bf5 9. O-O Nd6 10. Re1+ Kd7 11. Bxf5+ Nxf5 12. Be3 Nxe3 13. Rxe3
Bd6 14. Nd2 Bf4 15. Rd3 Rhe8 16. Kf1 Re7 17. g3 Bxd2 18. Rxd2 Kd6 19. c4 Rae8
20. Rc1 f5 21. b4 f4 22. a4 22... g5 $2 23. gxf4 gxf4 24. Kg2 a6 25. Kf3 Rf8
26. Rg1 b5 27. axb5 axb5 28. cxb5 cxb5 29. Rg5 29... Kc6 $2 30. Rc2+ Kb6 31.
Rcc5 c6 32. d5 32... Rf6 $2 33. dxc6 Rxc6 34. Rxb5+ Kc7 35. Kxf4 Rc4+ 36. Kg3
Rc3+ 37. f3 Rb3 38. Rbc5+ Kb6 39. b5 Rc7 40. Rcf5 Rb7 41. Kg4 Ka5 42. Rf6 R3xb5
43. f4 Kb4 44. Rxb5+ Kxb5 45. Rd6 Kc5 46. Rd2 Kc6 47. Kf5 Rd7 48. Rxd7 Kxd7 49.
Kf6 1-0

[Event "1a. Categoria 2005"]
[Site "?"]
[Date "2005.??.??"]
[Round "?"]
[White "Zerega R., Manuel"]
[Black "Arevalo S., Felipe"]
[Result "1/2-1/2"]
[WhiteElo "1742"]
[BlackElo "1640"]
[PlyCount "125"]

1. e4 c5 2. Nc3 d6 3. Nf3 Nf6 4. Be2 a6 5. d3 b5 6. Bg5 e6 7. Qd2 Be7 8. Bxf6
Bxf6 9. Rb1 Bb7 10. O-O Nd7 11. Nd1 Qc7 12. Ne3 O-O 13. Ng4 a5 14. Nxf6+ Nxf6
15. Rbd1 b4 16. b3 a4 17. c4 axb3 18. axb3 Ra3 19. Rb1 Rfa8 20. h3 Ra2 21. Rb2
Rxb2 22. Qxb2 Qa5 23. Nh2 Qa3 24. Rb1 d5 25. e5 Nd7 26. f4 dxc4 27. dxc4 Be4
28. Qxa3 bxa3 29. Ra1 a2 30. Bf3 f5 31. Bxe4 fxe4 32. Kf2 g5 33. g3 Ra3 34. Nf1
gxf4 35. gxf4 Rxb3 36. Rxa2 Rf3+ 37. Ke2 Rxf4 38. Nd2 Nxe5 39. Ke3 Rh4 40. Ra4
Rxh3+ 41. Kxe4 Nc6 42. Ra6 Nd4 43. Ra8+ Kg7 44. Rc8 Rh5 45. Ke3 Re5+ 46. Ne4
Nb3 47. Kf4 Rf5+ 48. Kg3 h5 49. Rc6 h4+ 50. Kh3 Rf4 51. Nxc5 Nxc5 52. Rxc5 Kf6
53. Rc8 Ke5 54. c5 Rc4 55. Rh8 55... Rxc5 $2 56. Rxh4 Kd5 57. Kg2 e5 58. Kf2 e4
59. Rh8 Kd4 60. Rd8+ Kc3 61. Ke3 Re5 62. Rd4 Rh5 63. Rxe4 1/2-1/2

[Event "1a. Categoria 2005"]
[Site "?"]
[Date "2005.??.??"]
[Round "?"]
[White "Pando T., Luis"]
[Black "Velasco B., Carlos"]
[Result "1-0"]
[WhiteElo "1800"]
[BlackElo "1722"]
[PlyCount "117"]

1. e4 e6 2. d4 g6 3. Nf3 Bg7 4. e5 d5 5. c4 dxc4 6. Bxc4 c6 7. a4 Nd7 8. Nc3
Nb6 9. Ba2 h6 10. b4 Ne7 11. Ne4 Nf5 12. g4 Ne7 13. h4 Nbd5 14. Nd6+ Kf8 15. h5
g5 16. Nd2 Nxb4 17. O-O Ned5 18. Bxd5 Nxd5 19. Qf3 Qe7 20. N2e4 f5 21. Ba3 Kg8
22. gxf5 exf5 23. Nxc8 Qe6 24. Ned6 Rxc8 25. Nxc8 Qxc8 26. Qb3 Kf7 27. Rab1 b6
28. Rbc1 Ke6 29. Qc4 f4 30. Qxc6+ Qxc6 31. Rxc6+ Kf5 32. Rfc1 Rd8 33. Rd6 Rxd6
34. Bxd6 Ke4 35. e6 Bxd4 36. e7 Nxe7 37. Bxe7 g4 38. Kg2 Kf5 39. Re1 f3+ 40.
Kf1 Be5 41. Bh4 a6 42. Rd1 b5 43. axb5 axb5 44. Rb1 Bf4 45. Rxb5+ Ke4 46. Rb4+
Kf5 47. Bg3 Bg5 48. Rb5+ Kf6 49. Rd5 Ke6 50. Re5+ Kf6 51. Re8 Kf5 52. Rf8+
52... Bf6 $2 53. Bf4 $2 53... Kxf4 54. Rxf6+ Kg5 55. Rg6+ Kxh5 56. Rg8 Kh4 57.
Kg1 h5 58. Kh2 g3+ 59. fxg3# 1-0

[Event "1a. Categoria 2005"]
[Site "?"]
[Date "2005.??.??"]
[Round "?"]
[White "Castro J., Jose"]
[Black "Iocco B., Pablo"]
[Result "1-0"]
[WhiteElo "1728"]
[BlackElo "1796"]
[PlyCount "87"]

1. e4 c6 2. Nf3 d5 3. e5 Bf5 4. d4 e6 5. Bg5 Qb6 6. Qc1 c5 7. Be3 Qc7 8. c3 a6
9. a4 Nc6 10. Qd2 cxd4 11. Nxd4 Bxb1 12. Rxb1 Nxe5 13. b3 Bd6 14. Be2 Nf6 15.
f3 Ng6 16. b4 Bf4 17. b5 Bxe3 18. Qxe3 Qf4 19. Qf2 19... e5 $2 20. g3 Qh6 21.
Nf5 Qg5 22. Nd6+ Ke7 23. h4 Nxh4 24. gxh4 Qg6 25. Rd1 Kxd6 26. Qb6+ Ke7 27.
Qxb7+ Ke6 28. Qc6+ Ke7 29. Qc7+ Ke6 30. Qb6+ Ke7 31. Rg1 Qc2 32. Qc7+ Kf8 33.
Qc6 33... Rb8 $2 34. Qd6+ Ke8 35. Qxb8+ Kd7 36. Qb7+ Kd8 37. Qb6+ Ke7 38. Qc7+
Ke6 39. Qc6+ Ke7 40. bxa6 Rd8 41. a7 e4 42. fxe4 Nxe4 43. Qc7+ Rd7 44. Qe5+ 1-0

[Event "1a. Categoria 2005"]
[Site "?"]
[Date "2005.??.??"]
[Round "?"]
[White "Arevalo S., Felipe"]
[Black "Velasco B., Carlos"]
[Result "1-0"]
[WhiteElo "1640"]
[BlackElo "1722"]
[PlyCount "91"]

1. e4 e6 2. d4 g6 3. f4 Bg7 4. Nf3 d6 5. g3 Ne7 6. Bg2 Nd7 7. O-O c6 8. Nc3 Rb8
9. h3 b6 10. g4 Bb7 11. Ne2 c5 12. dxc5 dxc5 13. Ng3 Nf6 14. Qxd8+ Rxd8 15. e5
Nd7 16. c4 O-O 17. Be3 f5 18. gxf5 Nxf5 19. Nxf5 gxf5 20. Ng5 Bxg2 21. Kxg2
Rfe8 22. Rad1 h6 23. Nf3 Kf7 24. Rd2 Nf8 25. Rfd1 Rxd2+ 26. Rxd2 Ng6 27. h4 Bf8
28. h5 Nh8 29. Bf2 Be7 30. Rd7 Kf8 31. Rxa7 Rb8 32. Nh4 b5 33. cxb5 Rxb5 34.
Ng6+ Nxg6 35. hxg6 35... Rxb2 $2 36. g7+ Kxg7 37. Rxe7+ Kf8 38. Rxe6 c4 39. Rc6
c3 40. Rxc3 Rxa2 41. Rc6 Ra4 42. Rf6+ Ke7 43. Rxf5 Ra6 44. Kf3 Rg6 45. Bh4+ Ke8
46. Rf6 1-0

[Event "1a. Categoria 2005"]
[Site "?"]
[Date "2005.??.??"]
[Round "?"]
[White "Castro J., Jose"]
[Black "Torres E., Rodolfo"]
[Result "0-1"]
[WhiteElo "1728"]
[BlackElo "1820"]
[PlyCount "104"]

1. d4 Nf6 2. c4 e5 3. dxe5 Ng4 4. e4 Nxe5 5. f4 Bb4+ 6. Bd2 Bxd2+ 7. Qxd2 Ng6
8. Nf3 Qe7 9. Qe3 d6 10. Nc3 O-O 11. O-O-O c6 12. Be2 f5 13. e5 Re8 14. h4 dxe5
15. h5 Nxf4 16. Bf1 Nd7 17. g3 Ne6 18. Nh4 $6 18... Nd4 19. Bh3 Nf6 20. Qg5 Ng4
21. Qxe7 Rxe7 22. Bxg4 fxg4 23. Rhf1 Bd7 24. Rf2 Rf8 25. Rxf8+ Kxf8 26. Rf1+
Rf7 27. Rxf7+ Kxf7 28. Ne4 Ke7 29. c5 Nf3 30. Ng2 Be8 31. Ne3 Bxh5 32. Nf5+ Kf7
33. Nfd6+ Ke6 34. Nxb7 Bg6 35. Nc3 e4 36. Na5 Kd7 37. Nc4 h5 38. Kd1 h4 39.
gxh4 g3 40. Ne3 Nxh4 41. Ne2 Bh5 42. Ke1 Bxe2 43. Kxe2 Ke6 44. b4 g2 45. Kf2 a6
46. a4 g6 47. b5 axb5 48. axb5 cxb5 49. Nd1 Kd5 50. Nc3+ Kxc5 51. Nxe4+ Kd4 52.
Ng3 b4 0-1

[Event "1a. Categoria 2005"]
[Site "?"]
[Date "2005.??.??"]
[Round "?"]
[White "Pando T., Luis"]
[Black "Zerega R., Manuel"]
[Result "1-0"]
[WhiteElo "1800"]
[BlackElo "1742"]
[PlyCount "127"]

1. e4 e6 2. d4 d5 3. e5 Nc6 4. Bb5 Bd7 5. Nf3 h6 6. Bxc6 Bxc6 7. c3 Bb5 8. Qb3
c6 9. a4 Ba6 10. Qc2 Ne7 11. b4 Ng6 12. Qb3 Bc4 13. Qb2 Nh4 14. Nxh4 Qxh4 15.
Nd2 Bd3 16. Nf3 Qe4+ 17. Be3 g5 18. Kd2 Be7 19. Ne1 Bc4 20. f3 Qg6 21. Qc2 Qg7
22. Nd3 f6 23. exf6 Bxf6 24. Nc5 Qf7 25. a5 a6 26. Rhe1 O-O-O 27. Na4 Kb8 28.
Nb6 Bb5 29. Bf2 Rhe8 30. Kc1 Qg7 31. Kb2 e5 32. dxe5 Bxe5 33. Rxe5 Rxe5 34. Bg3
Ka7 35. Bxe5 Qxe5 36. Qf2 Qe2+ 37. Qxe2 Bxe2 38. Re1 Bb5 39. Re6 Rh8 40. Nd7
Bc4 41. Ne5 Bf1 42. g3 Rh7 43. Kc2 Bb5 44. Kd2 Kb8 45. Rf6 Kc8 46. Rf8+ Kc7 47.
Rf7+ Rxf7 48. Nxf7 Kd7 49. Nxh6 Ke6 50. Ng4 Kf5 51. Ke3 Ba4 52. Nf2 Bc2 53. Kd4
Ba4 54. Nd3 Bb5 55. Nc5 Be2 56. Ke3 Bb5 57. Nxb7 Kg6 58. Nc5 Kf5 59. Nb3 Ke5
60. Nd4 Kd6 61. Nxb5+ cxb5 62. h4 Ke5 63. hxg5 Kf5 64. f4 1-0